000 00540nam a22001571a 4500
020 _c0.00
040 _aNEGST Library - Kenya
082 _aPJ 9023.P47 1993
100 _aParrett, Denise L.
245 _aThe switch-reference phenomena in Hadiyya: a labelled deductive system perspective
_cDenise L. Parrett
_h[Text]
260 _aLondon
_bSchool of Oriental and African studies
_c1993
300 _aiii, 40p
600 _aHadiyya Language- Grammar
600 _aHadiyya (African people)
852 _913.95
999 _c37458
_d37458